A Peculiar Contribution of the Slovak Media to the Level of Confidence in Post-communist Slovakia
| Titel: | A Peculiar Contribution of the Slovak Media to the Level of Confidence in Post-communist Slovakia |
|---|---|
| Verfasser: | |
| In: |
Human affairs, Band 11 (2001), Seite 162-174, Tab. alle Artikel anzeigen |
| Veröffentlicht: | 2001 |
| Format: | Aufsatz |
| Sprache: | Englisch |
X
alg: 39211310 001A $01999:11-11-16 001B $01999:16-05-21 $t20:23:06.000 001D $01999:11-11-16 001U $0utf8 001X $00 002@ $0Aox 003@ $0392113104 007A $0392113104 $aHEB 007T $0Herd66512 010@ $aeng 011@ $a2001 021A $aA @Peculiar Contribution of the Slovak Media to the Level of Confidence in Post-communist Slovakia 028A $aKusá $dZuzana 031A $d11 $h162-174, Tab. $j2001 039B $aIn $8--Abvc--. Human affairs. - Berlin : De Gruyter, 1991-. - ISSN 1210-3055 $x200100000110000838 $9047056800 045F $a020.94373 $eDDC23BSB 045F/01 $a020 045F/03 $g4373 lok: 39211310 78 exp: 39211310 78 1 #EPN 201B/01 $019-04-17 $t11:01:22.000 201U/01 $0utf8 203@/01 $0788209132 208@/01 $a11-11-16 $be 209A/01 $a/ $f000 $x00 220C/01 $aTitelaufnehmer: cs 244Z/01 $2Trx $#Slowakische Republik $#Szlovák Köztársaság $#Republika Słowacka $#Slovenská Republika $#Slovensko $#Slowakei $#Słowacja $#Slovensko $8--Trx--Slovenská Republika $x01 $9391345796 244Z/01 $aGeschichte 1991-1999 $x02 244Z/01 $2Trx $#massimeediad $#žiniasklaida $#Mass media $#masszmédia $#media środki masowego przekazu $#masmédiá $#masmédia $#Medien $#médiá $8--Trx--Massenmedien $x03 $9391363840 244Z/01 $2Trx $#avalik $#viešumas $#Public sphere $#nyilvánosság $#sfera publiczna $#verejnosť $#veřejnost $8--Trx--Öffentlichkeit $x04 $9391357654 244Z/01 $2Trx $8--Trx--Zeitschriftenaufsatz $x05 $9391384341 245Z/01 $a11.06 $x01 247C/01 $82080>Marburg/Lahn, Herder-Institut, Forschungsbibliothek, Bibliographieportal $9336309341
| LEADER | 00000caa a22000002c 4500 | ||
|---|---|---|---|
| 001 | 392113104 | ||
| 003 | DE-603 | ||
| 005 | 20210516202306.0 | ||
| 007 | tu | ||
| 008 | 161111s2001 xx |||| | u00||u|eng c | ||
| 035 | |a (DE-599)HEB392113104 | ||
| 040 | |a DE-603 |b ger |c DE-603 |d DE-603 | ||
| 041 | |a eng | ||
| 082 | 0 | 4 | |8 1\u |a 020.94373 |q DE-101 |2 23/BSB |
| 085 | |8 1\u |b 020 | ||
| 085 | |8 1\u |z 2 |s 4373 | ||
| 100 | 1 | |a Kusá, Zuzana | |
| 245 | 0 | 0 | |a A Peculiar Contribution of the Slovak Media to the Level of Confidence in Post-communist Slovakia |
| 264 | 0 | |c 2001 | |
| 773 | 0 | 8 | |i In |t Human affairs |d Berlin : De Gruyter, 1991- |h 23 cm |x 1210-3055 |g Band 11 (2001), Seite 162-174, Tab. |w (DE-603)047056800 |w (DE-600)33235-5 |
| 924 | 0 | |9 2080 |a (DE-603)788209132 |b DE-2080 |c HES |d d |g / | |


